| 000 | 00617nam a2200217Ia 4500 | ||
|---|---|---|---|
| 003 | GCL | ||
| 008 | 140319s9999 xx 000 0 ara d | ||
| 040 |
_aGCL / _cGCL |
||
| 082 | 0 | 4 |
_a5و745 _bع ف |
| 100 | 1 | _aعنايات المهدى | |
| 245 | 1 | 0 |
_a"فن الزخرفة الصينى والتطريز ""السيرما""" / _cعنايات المهدى |
| 260 |
_a[S.N] : _bمكتبة ابن سيناء ، _c1993 |
||
| 300 | _a288 | ||
| 490 | _a | ||
| 650 | 0 | 4 | _aالصين |
| 650 | 0 | 4 | _aالفن |
| 650 | 0 | 4 | _aالفن الزخرفى |
| 650 | 0 | 4 | _aالتطريز |
| 650 | 0 | 4 | _aالخزف |
| 942 |
_2ddc _cBK |
||
| 999 |
_c55173 _d55173 |
||